000 00312nam a2200145Ia 4500
100 _aDanesh/ Arman/ Tatters/ Wes
942 _cBK
654 _acomputer
245 _aJava Script 1.1. Devs guide
260 _bSams net
_c1996
082 _a5.133
_bDAN/TAT
300 _a604
546 _aENGLISH
999 _c31807
_d31807